Statistics for Songs Named After A Drink

Click here to take the quiz!

General Stats

  • This quiz has been taken 45 times
  • The average score is 11 of 30

Answer Stats

HintAnswer% Correct
UB401983Red Red Wine
88%
Toby Keith & Willie Nelson2002Beer For My Horses
78%
Oasis1996Champagne Supernova
68%
The Champs1958Tequila
68%
Deep Purple1972Smoke On The Water
63%
Willie Nelson1973Whiskey River
63%
Rufus Wainwright2001Cigarettes & Chocolate Milk
59%
KISS1974Cold Gin
59%
Jimmy Buffett1977Margaritaville
56%
Red Hot Chili Peppers1995Coffee Shop
51%
The Police1983Tea In The Sahara
51%
Tamia2015Sandwich and a Soda
49%
ScHoolboy Q2019Numb Numb Juice
44%
Green Day2001Poprocks & Coke
44%
Brothers Osborne2016Rum
41%
Tom Waits1985Jockey Full of Bourbon
37%
Gucci Mane2009Lemonade
37%
Kelis2003Milkshake
34%
Al Stewart1975Apple Cider Re-constitution
24%
Lana Del Rey2012Cola
22%
R.E.M.1988Orange Crush
22%
Garth Brooks1997Two Pina Coladas
20%
Chris Brown2015Liquor
15%
Lana Del Rey2012Diet Mountain Dew
10%
Diplo2015Doctor Pepper
10%
Bruno Mars2012Moonshine
10%
Ray Charles1961One Mint Julep
5%
Blake Shelton2014Sangria
5%
Beastie Boys1986Brass Monkey
2%
Pitbull2014Fireball
2%

Score Distribution

Percentile by Number Answered

Percent of People with Each Score

Your Score History

You have not taken this quiz